000
00236nam a2200097Ia 4500
008
230915s9999 xx 000 0 und d
050
_a
QA 152.2 .A94 1999
100
_a
AUFMANN,RICHARD M.
245
0
_a
INTRODUCTORY ALGEBRA
942
_c
BK
999
_c
185296
_d
185296